000 00512nam a22001577a 4500
003 OSt
005 20151103145458.0
008 151103b xxu||||| |||| 00| 0 eng d
040 _cRUA
082 _aFOR ស្រីុ1995 B120 Or.1
100 _93271
_aស្រុុី វុទ្ធី
245 _aសិក្សាគំរោងប្លង់រៀបចំសួនសត្វនៅភ្នំតាម៉ៅ
260 _aPhnom Penh
_bRUA
_c1995
300 _a77p.
_bill.
_c29cm.
942 _2ddc
_cFOR
999 _c3052
_d3052